Bericht über die Tagung "Soziale Reflexivität und qualitative Methode. Zum Selbstverständnis der Kriminologie in der Spätmoderne" vom 24. - 29. März im Tagungszentrum Monte Verita, Ascona

Saved in:  
Bibliographic Details
Main Author: Mona, Martino 1972- (Author)
Format: Print Article
Language:German
Published: 2002
In: Kriminologisches Journal
Year: 2002, Volume: 34, Issue: 3, Pages: 211-214
Check availability: HBZ Gateway

MARC

LEADER 00000naa a2200000 c 4500
001 1942683723
003 DE-627
005 20251127101413.0
007 tu
008 251127s2002 xx ||||| 00| ||ger c
035 |a (DE-627)1942683723 
035 |a (DE-599)KXP1942683723 
040 |a DE-627  |b ger  |c DE-627  |e rda 
041 |a ger 
084 |a 2,1  |2 ssgn 
100 1 |a Mona, Martino  |d 1972-  |e VerfasserIn  |0 (DE-588)1066583897  |0 (DE-627)817686142  |0 (DE-576)42602771X  |4 aut 
109 |a Mona, Martino 1972- 
245 1 0 |a Bericht über die Tagung "Soziale Reflexivität und qualitative Methode. Zum Selbstverständnis der Kriminologie in der Spätmoderne" vom 24. - 29. März im Tagungszentrum Monte Verita, Ascona  |c Martino Mona 
264 1 |c 2002 
336 |a Text  |b txt  |2 rdacontent 
337 |a ohne Hilfsmittel zu benutzen  |b n  |2 rdamedia 
338 |a Band  |b nc  |2 rdacarrier 
773 0 8 |i Enthalten in  |t Kriminologisches Journal  |d Weinheim : Beltz Juventa, 1969  |g 34(2002), 3, Seite 211-214  |w (DE-627)130092207  |w (DE-600)500591-7  |w (DE-576)018208223  |x 0341-1966  |7 nnas 
773 1 8 |g volume:34  |g year:2002  |g number:3  |g pages:211-214 
951 |a AR 
ELC |b 1 
LOK |0 000 xxxxxcx a22 zn 4500 
LOK |0 001 4814758278 
LOK |0 003 DE-627 
LOK |0 004 1942683723 
LOK |0 005 20251127101413 
LOK |0 008 251127||||||||||||||||ger||||||| 
LOK |0 040   |a DE-2619  |c DE-627  |d DE-2619 
LOK |0 092   |o n 
LOK |0 852   |a DE-2619 
LOK |0 852 1  |9 00 
LOK |0 939   |a 27-11-25  |b l01 
ORI |a SA-MARC-krimdoka001.raw